000 00439nam a2200157 i 4500
001 104713
003 ES-MaACL
005 20230906183654.0
007 t|
008 051209s1913 sp ||||1| spa d
100 1 _aMirabent Vilaplana, Francisco.
_981465
245 1 3 _aEl camino azul
_b: novela /
_cFrancisco Mirabent Vilaplana.
260 _aBarcelona :
_bF. Horta,
_c1913.
300 _a289 p. ;
_c20 cm.
852 _aES-MaACL
_jF-4123
999 _c104713
_d104713